000 00691nam a22002292 4500
001 0000002268
005 20151217151846.0
008 070405s xx 000 0 eng d
020 _a8185386153 :
_cKES 375
040 _aKABU
_cKABU
050 0 _aHF5438.25
_b.F868 1996
100 1 _aFutrell, Charles.
_@0000151575
245 1 0 _aABC's of selling /
_cCharles Futrell.
250 _a2nd ed.
260 _aDelhi :
_bAll India Traveller Booksellers,
_c1996.
300 _axxi, 473 p.
650 0 _aSelling.
_@0000083908
908 _a070405
950 _@1
999 _c5749
_d5749